| 000 | 00433nam a2200157 a 4500 | ||
|---|---|---|---|
| 005 | 20140414093842.0 | ||
| 008 | 081126s19uu xx 00 eng d | ||
| 050 |
_aDVD 530.1 _bWHA 2004 |
||
| 100 | _aVicente, Mark | ||
| 245 |
_aWhat the Bleep do we know!? / : _cMark Vicente. _bdown the Rabbit hole / |
||
| 250 | _aQuantum Edition | ||
| 650 | _aQuantum Theory. | ||
| 650 | _aDocumentary film. | ||
| 942 | _cAVM | ||
| 999 |
_c109362 _d109362 |
||